nettles - Ethel cain - Statistics

General Stats
  • This quiz has been taken 123 times
  • The average score is 384 of 414
Answer Stats
Answer % Correct
a
100%
and
100%
do
100%
i
100%
that
100%
the
100%
where
100%
grow
99%
in
99%
it
99%
know
99%
night
99%
no
99%
not
99%
(not
99%
on
99%
til
99%
to
99%
"to
99%
up
99%
was
99%
when
99%
who
99%
all
97%
for
97%
is
97%
love
97%
me
97%
me"
97%
of
97%
so
97%
time
97%
time)
97%
we
97%
were
97%
what
97%
you
97%
(you)
97%
but
96%
daylight
96%
daylight)
96%
doctors
96%
down
96%
end
96%
gave
96%
like
96%
my
96%
piece
96%
race
96%
suffer
96%
tell
96%
(tell
96%
thats
96%
they
96%
until
96%
with
96%
worry
96%
worry)
96%
ill
95%
lay
95%
part
95%
pretty
95%
think
95%
(think
95%
wake
95%
(wake
95%
blew
93%
blue
93%
brown
93%
did
93%
eyes
93%
fight
93%
im
93%
ive
93%
tomorrow
93%
ugly
93%
war
93%
wasnt
93%
wouldnt
93%
youre
93%
anyone
92%
baby
92%
can
92%
close
92%
fool
92%
go
92%
hear
92%
held
92%
hospital
92%
look
92%
made
92%
movies
92%
own
92%
own)
92%
street
92%
sure
92%
way
92%
yesterday
92%
cause
91%
half
91%
have
91%
myself
91%
never
91%
seen
91%
trees
91%
wont
91%
worth
91%
boys
89%
flew
89%
just
89%
light
89%
news
89%
passes
89%
right
89%
room
89%
should
89%
stop
89%
wall
89%
wanna
89%
watchin
89%
youll
89%
believe
88%
difference
88%
hurt
88%
its
88%
looks
88%
maybe
88%
picture
88%
scared
88%
singin
88%
(singin
88%
singin)
88%
them
88%
this
88%
today
88%
flicker
86%
gardenias
86%
pray
86%
bleed
85%
greenery
85%
knowin
85%
(knowin)
85%
makes
85%
plant
85%
shrapnel
85%
slower
85%
tennessee
85%
through
85%
tile
85%
wishin
85%
back
84%
from
84%
us
84%
after
82%
(after
82%
hard
82%
inside
82%
inside)
82%
missing
82%
are
81%
low
81%
weddin
81%
weddin)
81%
our
80%
slowed
80%
put
78%
say
76%
stings
76%
lang
72%
or
70%
auld
68%
two
68%
warned
65%
suffering
62%
lie
61%
while
61%
mm
49%
hang
41%
(ooh)
28%
No matching quizzes found
Score Distribution
Percent of People with Each Score
Percentile by Number Answered
Your Score History
You have not taken this quiz